Регионална библиотека "Любен Каравелов" - Русе

Мизерия на духа (Запис номер 15983)

MARC детайли
000 -Лидер
Контролно поле с фиксирана дължина nam a22 a 4500
003 - Код на организацията, давaща контролен номер
Контролно поле BLK
005 - Дата и час на последна редакция
Контролно поле 20230505102617.0
008 - Елементи от данни с фиксирана дължина
fixed length control field 180413b bul|||||r ||||||| ||bul||
010 ## - Наследен системен номер
LC control number KNG00017808000
020 ## - Международен стандартен номер на книга ISBN
Международен стандартен номер на книга ISBN 954-445-117-Х
040 ## - Източник на каталожния запис
Идентификатор на билиотеката - собственик на записа BLK
041 ## - Код за език
Код за езика на текст/звукозапис или на отделно заглавие Български
Код за езика КДБФ Български
080 ## - УДК
Текстов определител УДК Българска литература
УДК код - определител по УДК 821.163.2
УДК определител -4
УДК - код + определител 821.163.2-4
080 ## - УДК
Текстов определител УДК Вътрешна политика. Вж и 329
УДК код - определител по УДК 323
УДК определител (497.2)
УДК - код + определител 323(497.2)
100 1# - Редна дума - Автор
Автор Спасов, Иван Миладинов
Авторска отговорност първи автор
R(LIN) 260726
139 ## - Редно поле
Редна дума Спасов, Иван Миладинов
Авторски знак Сп - С 55
245 10 - Сведения за заглавието
Заглавие Мизерия на духа
Подзаглавни данни Публицистика : Ч. 1 - 2
Редно поле (дума) Иван Миладинов Спасов.
Том Ч. 1
257 ## - Страна на издаване
Страна на създаване/издаване България
260 ## - Област на издателските данни
Място на издаване, разпространение и проч. София
Име на издателя, разпространителя и проч. Христо Ботев
Година на издаване 1993 - 1997
9 (RLIN) 210116
Издателство - префикс ISBN 978-954-445-
300 ## - Физическа характеристика
Размери/Мащаб 20 см
380 ## - Жанр
Жанр Худож. лит.
760 1# - Описание на основната серия
Редна дума на основното описание Спасов, Иван Миладинов
Място на издаване, издател и година Христо Ботев, 1993
Страници - том 160 с.
Заглавие Ч. 1
852 ## - Местоположение
Форматна сигнатура Цб 174614
Фондова буква Хранилище
856 4# - Електронен адрес и достъп
Електронен формат pdf - файл
Път до файла /url/
Инструкция (цена за достъп) 0.00
Права за достъп disable
856 4# - Електронен адрес и достъп
Електронен формат pdf - файл
Път до файла /url/
Инструкция (цена за достъп) 0.00
Права за достъп disable
999 ## - СИСТЕМНИ КОНТРОЛНИ НОМЕРА
Koha biblionumber 15983
Koha biblioitemnumber 15983
942 ## - АРТИКУЛИ
Вид на библиотечния материал Книги
Скрит в OPAC Не
Периодичен библиозапис Да
944 ## - СЪЗДАВАНЕ И РЕДАКЦИЯ на ЗАПИСА
Създаване/Редакция Създаване
Дата на регистрацията/редакция 15.01.2003
Служител, извършил регистрацията/редакцията Геновева_Генчева
944 ## - СЪЗДАВАНЕ И РЕДАКЦИЯ на ЗАПИСА
Създаване/Редакция Редакция
Дата на регистрацията/редакция 07.07.2009
999 ## - СИСТЕМНИ КОНТРОЛНИ НОМЕРА
Koha biblioitemnumber 15983
999 ## - СИСТЕМНИ КОНТРОЛНИ НОМЕРА
Koha biblioitemnumber 15983
Наличности
Код за отписване Код за изгубен артикул Източник на класификационната схема Код за повреда Коз за рестрикции Код за отдаване Артикулен № Име на библиотеката - собственик Име на библиотеката, в която се намира в момента Статус (Текущо местоположение) Дата на вписване в системата Местоположение - отдел Цена в лева Инвентарен номер Систематично азбучна сигнатура Баркод Номер на екземпляра Цена в евро Служебна бележка Служебен тип на артикула Бележка за публиката
  Не е изгубен Universal Decimal Classification Не е повреден без рестрикции ползва се в читалня 27031 Регионална библиотека "Любен Каравелов" Русе Регионална библиотека "Любен Каравелов" Русе Хранилище 1993-01-01 Хранилище 29.00 592982 Цб 174614 120000592982 1 14.83 Дост: Dp Вид: Д N: стар фонд Дата: 01.01.1993 Книги  
Изтеглен Не е изгубен   Не е повреден без рестрикции заемане за дома 27032 Регионална библиотека "Любен Каравелов" Русе Регионална библиотека "Любен Каравелов" Русе   1993-01-01 Заемна - подръчен фонд 2.03 585550 П 886.7-4/С 55 585550 2 1.04 Дост: Pk Вид: Ф N: стар фонд Дата: 01.01.1993 Книги Отч.N: 3 , Дата: 17.01.2018
Изтеглен Не е изгубен Universal Decimal Classification Не е повреден без рестрикции заемане за дома 27033 Регионална библиотека "Любен Каравелов" Русе Регионална библиотека "Любен Каравелов" Русе Заемна - подръчен фонд 1993-01-01 Заемна - подръчен фонд 2.03 599544 П 886.7-4/С 55 599544 3 1.04 Дост: Pk Вид: Ф N: стар фонд Дата: 01.01.1993 Дата инв: 12.02.2018 Бележки инв: П2018 Книги  
Vip Innovations Ltd, Rousse, Bulgaria 2025